Kỹ thuật nuôi ong nội
Shranjeno v:
| Glavni avtor: | |
|---|---|
| Format: | Knjiga |
| Jezik: | Undetermined |
| Izdano: |
Hà Nội
Nông nghiệp
2007
|
| Teme: | |
| Oznake: |
Označite
Brez oznak, prvi označite!
|
| Thư viện lưu trữ: | Trung tâm Học liệu Trường Đại học Cần Thơ |
|---|
| LEADER | 00547nam a2200205Ia 4500 | ||
|---|---|---|---|
| 001 | CTU_128211 | ||
| 008 | 210402s9999 xx 000 0 und d | ||
| 020 | |c 12500 | ||
| 082 | |a 638.1 | ||
| 082 | |b Th116 | ||
| 100 | |a Ngô, Đắc Thắng | ||
| 245 | 0 | |a Kỹ thuật nuôi ong nội | |
| 245 | 0 | |c Ngô, Đắc Thắng | |
| 260 | |a Hà Nội | ||
| 260 | |b Nông nghiệp | ||
| 260 | |c 2007 | ||
| 650 | |a Bee culture | ||
| 650 | |z Vietnam | ||
| 904 | |i Tuyến | ||
| 980 | |a Trung tâm Học liệu Trường Đại học Cần Thơ | ||